00511cam a22002051 4500001001300000003000400013005001700017008004100034010001700075035001900092040001800111042001200129050001600141100001900157245003000176260003700206300002000243650002500263999001700288sa 68017451 DLC20260227112702.0760414s1963 io 000 0 ind  asa 68017451  a(OCoLC)2111374 aDLCcOAUdDLC apremarc00aPL5071b.S51 aSinggih, Amin.10aMembina bahasa Indonesia. aDjakarta,bBalai Pustaka,c1963. a 103 p.c18 cm. 0aIndonesian language. c87721d87721